Dans l'empire des sens /

Based on the real incident of Abe Sada. An ex-prostitute becomes involved in an obsessive love affair with the master of the household where she is employed as a servant which culminates in murder and mutilation.

Bibliographic Details
Uniform Title:Ai no korīda (Motion picture)
Main Author: Miki, Minoru, 1930-2011 (Composer)
Corporate Authors: Criterion Collection (Firm), Janus Films, Argos Films, Ōshima Nagisa Purodakushon
Other Authors: Ōshima, Nagisa, 1932-2013 (Screenwriter, Director), Dauman, Anatole, 1925-1998 (Producer), Matsuda, Eiko, 1947- (Actor), Fuji, Tatsuya, 1941- (Actor), Nakajima, Aoi (Actor), Matsui, Yasuko (Actor), Seri, Meika (Actor), Kobayashi, Kanae (Actor), Tonoyama, Tiji (Actor), Kokonoe, Kyôji (Actor), Shiraishi, Naomi (Actor), Noda, Shinkichi (Actor), Okada, Kyôko (Actor), Richie, Donald, 1924-2013
Format: Video Blu-ray Disc
Language:Japanese
Language Notes:Japanese with optional English subtitles. Opening credits and title frame in French.
Published: [New York, N.Y.] : The Criterion Collection, 2009.
Edition:Blu-ray ed., widescreen.
Series:Criterion collection (DVD videodiscs) ; 466.
Subjects:

MARC

Tag First Indicator Second Indicator Subfields
LEADER 00000cgm a2200000Ia 4500
001 in00002476607
005 20151110063901.0
007 vd csaizm
008 090213p20091976nyu102 e vljpn d
020 |a 1604651482 
020 |a 9781604651485 
024 1 |a 715515045315 
028 4 0 |a CC1808BD  |b The Criterion Collection 
035 |a (OCoLC)ocn426170427 
035 |a (OCoLC)426170427 
037 |b Midwest Tape  |n http://www.midwesttapes.com 
040 |a TEFMT  |c TEFMT  |d TEF  |d COD  |d TXA  |d UtOrBLW 
041 1 |a jpn  |j eng  |h jpn 
043 |a a-ja--- 
049 |a TXAM 
050 4 |a PN1997  |b .A3 2009 
082 0 4 |a 791.43/72  |2 22 
090 |a PN1995.9.F67  |b A34117 2009b 
130 0 |a Ai no korīda (Motion picture) 
245 1 0 |a Dans l'empire des sens /  |c Janus Films ; Argos films-Oshima Productions ; director, Nagisa Oshima ; producer, Anatole Dauman ; screenplay, Nagisa Oshima. 
246 1 |i Title on container:  |a In the realm of the senses. 
250 |a Blu-ray ed., widescreen. 
264 1 |a [New York, N.Y.] :  |b The Criterion Collection,  |c 2009. 
300 |a 1 videodisc (102 min.) :  |b sound, color ;  |c 4 3/4 in. + 1 booklet (36 pages : col. ill. ; 18 cm.). 
336 |a two-dimensional moving image  |b tdi  |2 rdacontent 
337 |a video  |b v  |2 rdamedia 
338 |a videodisc  |b vd  |2 rdacarrier 
490 1 |a The Criterion collection ;  |v 466 
538 |a Blu-ray disc; Region A; Dolby Digital (uncompressed monaural soundtrack); high definition; requires Blu-ray player. 
546 |a Japanese with optional English subtitles. Opening credits and title frame in French. 
511 1 |a Matsuda Eiko, Fuji Tatsuya, Aoi Nakajima, Yasuko Matsui, Meika Seri, Kanae Kobayashi, Tiji Tonoyama, Kyôji Kokonoe, Naomi Shiraishi, Shinkichi Noda, Kyôko Okada. 
508 |a Cinematographer, Ito Hideo ; art, Toda Jūshō ; editors, Keiichi Uraoka, Patrick Sauvion ; original music, Miki Minoru. 
500 |a Originally released as a motion picture in 1976. 
500 |a Booklet features an essay by Donald Richie and a reprinted interview with Oshima. 
520 |a Based on the real incident of Abe Sada. An ex-prostitute becomes involved in an obsessive love affair with the master of the household where she is employed as a servant which culminates in murder and mutilation. 
500 |a Extras include: audio commentary by Tony Rayns; new interview with Tatsuya Fuji; 1976 interview with Fuji and Eiko Matsuda; 2003 interviews with Hayao Shibata, Koji Wakamatsu, Yoichi Sai and Yoko Asakura; deleted footage; US trailer. 
500 |a Videorecording. 
600 1 0 |a Abe, Sada,  |d 1905-  |v Drama. 
650 0 |a Sex crimes  |z Japan  |v Drama. 
650 0 |a Women murderers  |z Japan  |v Drama. 
650 0 |a Man-woman relationships  |z Japan  |v Drama. 
650 0 |a Sex  |z Japan  |v Drama. 
650 0 |a Prostitutes  |z Japan  |v Drama. 
655 7 |a Erotic films.  |2 lcgft 
655 7 |a Feature films.  |2 lcgft 
655 7 |a Foreign films.  |2 local 
655 7 |a Motion pictures, Japanese.  |2 local 
700 1 |a Ōshima, Nagisa,  |d 1932-2013,  |e screenwriter,  |e director. 
700 1 |a Dauman, Anatole,  |d 1925-1998,  |e producer. 
700 1 |a Matsuda, Eiko,  |d 1947-  |e actor. 
700 1 |a Fuji, Tatsuya,  |d 1941-  |e actor. 
700 1 |a Nakajima, Aoi,  |e actor. 
700 1 |a Matsui, Yasuko,  |e actor. 
700 1 |a Seri, Meika,  |e actor. 
700 1 |a Kobayashi, Kanae,  |e actor. 
700 1 |a Tonoyama, Tiji,  |e actor. 
700 1 |a Kokonoe, Kyôji,  |e actor. 
700 1 |a Shiraishi, Naomi,  |e actor. 
700 1 |a Noda, Shinkichi,  |e actor. 
700 1 |a Okada, Kyôko,  |e actor. 
700 1 |a Miki, Minoru,  |d 1930-2011,  |e composer. 
700 1 2 |a Richie, Donald,  |d 1924-2013.  |t Some notes on Oshima and pornography. 
710 2 |a Criterion Collection (Firm) 
710 2 |a Janus Films. 
710 2 |a Argos Films. 
710 2 |a Ōshima Nagisa Purodakushon. 
830 0 |a Criterion collection (DVD videodiscs) ;  |v 466. 
994 |a C0  |b TXA 
948 |a cataloged  |b h  |c 2009/9/8  |d c  |e blrosas  |f 10:50:13 am 
999 |a MARS 
999 f f |s 86ba857b-56a7-3cee-8c66-ae15168e21cc  |i f83bacc6-c673-3ecd-9f50-950ef8996c42  |t 0 
952 f f |p bluray  |a Texas A&M University  |b College Station  |c Sterling C. Evans Library  |d Evans: Media and Reserves (Annex 1st floor)  |t 0  |e PN1995.9.F67 A34117 2009b  |h Library of Congress classification  |i video -- videodisc  |m A14838874202 
952 f f |p bluray  |a Texas A&M University  |b College Station  |c Sterling C. Evans Library  |d Evans: Media and Reserves (Annex 1st floor)  |t 0  |e PN1995.9.F67 A34117 2009b  |h Library of Congress classification  |i video -- videodisc  |m A14838874244 
998 f f |a PN1995.9.F67 A34117 2009b  |t 0  |l Evans: Media and Reserves (Annex 1st floor) 
998 f f |a PN1995.9.F67 A34117 2009b  |t 0  |l Evans: Media and Reserves (Annex 1st floor)